| 000 | 00551nam a2200229Ia 4500 | ||
|---|---|---|---|
| 003 | OSt | ||
| 005 | 20250719122922.0 | ||
| 008 | 210210b2008 xxu||||| |||| 00| 0 eng d | ||
| 020 | _a9788131717400 | ||
| 040 |
_aal _c |
||
| 041 | _aeng | ||
| 082 | _a519.4 GERA | ||
| 100 |
_a Curtis F Gerald _925907 |
||
| 245 | _aApplied numerical analysis Ed 7 | ||
| 250 | _a7 | ||
| 260 |
_aNoida _bPearson _c2008 |
||
| 300 | _ax,609p | ||
| 690 |
_aNumerical Methods _925911 |
||
| 700 |
_aWheatley, Patrick O _925912 |
||
| 906 | _a071871 | ||
| 942 |
_2ddc _cBK |
||
| 999 |
_c121683 _d121683 |
||